Statistics for Roman cities in Central Europe

Click here to take the quiz!

General Stats

  • This quiz has been taken 52 times
  • The average score is 8 of 22

Answer Stats

CountryRoman nameModern name% Correct
GermanyBonnaBonn
87%
SwitzerlandGenavaGenève
87%
AustriaVindobonaWien
87%
HungaryAquincumBudapest
74%
GermanyColonia AgripinaKöln
69%
GermanyAugusta TreverorumTrier
46%
SwitzerlandTuricumZürich
44%
NetherlandsTraiectum ad RhenumUtrecht
31%
NetherlandsMosae TraiectumMaastricht
28%
GermanyMogantiacumMainz
26%
GermanyAugusta VindelicorumAugsburg
23%
AustriaBrigantiumBregenz
23%
BelgiumTornacumTournai
23%
BelgiumAduatuca TongurumTongeren
21%
BelgiumCortoriacumKortrijk
15%
NetherlandsNoviomagus BatavorumNijmegen
13%
SwitzerlandSedunumSion
13%
NetherlandsForum HadrianiVoorburg
13%
GermanyColonia Ulpia TraianaXanten
13%
BelgiumDivo NantumDinant
8%
GermanyNovaesiumNeuss
8%
SwitzerlandNoviodunumNyon
8%

Score Distribution

Percentile by Number Answered

Percent of People with Each Score

Your Score History

You have not taken this quiz